00817nam a2200229 a 450000100060000000300080000600500170001400800410003103500190007204000320009104100080012308200190013110000530015024500960020325000110029926000320031030000260034250400380036850501350040665000220054165000240056332263BD-RjUL20211209051817.0140424s1957 ne 001 0 eng d a(BD-RjUL)32352 aGZMcGZMdOCLdBD-RjULbeng aeng a180bVOG 19571 aVogel, C. J. Deq(Cornelia Johanna),d1905-1986.10aGreek philosophy :ba collection of texts with notes and explanations /cby C. J. De Vogel a2nd ed aLeiden :bBrill,c1957-1964 a v. :bill. ;c25 cm aIncludes bibliographies and index0 aVol. 1. Thales to Plato.-- v.2. Aristotle, the early Peripatetic school and the early Academy.-- v.3. The Hellenistic-Roman period 0aGreek literature. 0aPhilosophy, Ancient